Guía para el estudio de los seres vivos de las aguas dulces / (Record no. 111190)

MARC details
000 -LEADER
campo de control de longitud fija 00571nam a2200157 4500
001 - NÚMERO DE CONTROL
campo de control 111190
003 - IDENTIFICADOR DE NÚMERO DE CONTROL
campo de control ES-MaACL
007 - CAMPO FIJO DE DESCRIPCIÓN FÍSICA--INFORMACIÓN GENERAL
campo de control de longitud fija t|
008 - DATOS DE LONGITUD FIJA--INFORMACIÓN GENERAL
campo de control de longitud fija 061121s1982 sp r ||||1| spa d
100 1# - ENTRADA PRINCIPAL--NOMBRE DE PERSONA
Nombre de persona Needham, James G.
9 (RLIN) 85276
245 10 - MENCIÓN DEL TÍTULO
Título Guía para el estudio de los seres vivos de las aguas dulces /
Mención de responsabilidad, etc. James G. Needham, Paul R. Needham; traducción adaptada para España y América [por C. Altamira... et al.].
260 ## - PUBLICACIÓN, DISTRIBUCIÓN, ETC.
Lugar de publicación, distribución, etc. Barcelona [etc.] :
Nombre del editor, distribuidor, etc. Reverté,
Fecha de publicación, distribución, etc. 1982.
700 1# - ENTRADA AGREGADA--NOMBRE PERSONAL
Nombre de persona Needham, Paul R.
9 (RLIN) 85278
700 1# - ENTRADA AGREGADA--NOMBRE PERSONAL
Nombre de persona Altamira, C.
9 (RLIN) 20512
852 ## - LOCALIZACIÓN
Ubicación ES-MaACL
Número de control de estantería L-9392
Sublocalización o colección R.111250
Holdings
Estatus retirado Estado de pérdida Estado de daño No para préstamo Biblioteca de origen Biblioteca actual Ubicación en estantería Fecha de adquisición Fuente de adquisición Total de préstamos Signatura topográfica completa Código de barras Visto por última vez Precio de reemplazo Tipo de ítem Koha
        Biblioteca del Ateneo de Madrid Biblioteca del Ateneo de Madrid Depósito 2 17/01/2008     L-9392 1116007 23/02/2023 23/02/2023 Libro impreso